<?xml version="1.0" encoding="UTF-8"?>
<record
    xmlns:xsi="http://www.w3.org/2001/XMLSchema-instance"
    xsi:schemaLocation="http://www.loc.gov/MARC21/slim http://www.loc.gov/standards/marcxml/schema/MARC21slim.xsd"
    xmlns="http://www.loc.gov/MARC21/slim">

  <leader>02488cam a2200457 i 4500</leader>
  <controlfield tag="001">19590056</controlfield>
  <controlfield tag="005">20250821143059.0</controlfield>
  <controlfield tag="008">170407s2018    flu      b    000 0 eng  </controlfield>
  <datafield tag="010" ind1=" " ind2=" ">
    <subfield code="a">  2017017013</subfield>
  </datafield>
  <datafield tag="020" ind1=" " ind2=" ">
    <subfield code="a">9781032096254</subfield>
    <subfield code="q">paperback</subfield>
  </datafield>
  <datafield tag="020" ind1=" " ind2=" ">
    <subfield code="a">9781482253979</subfield>
    <subfield code="q">hardback : alk. paper</subfield>
  </datafield>
  <datafield tag="020" ind1=" " ind2=" ">
    <subfield code="a">1482253976</subfield>
    <subfield code="q">hardback : alk. paper</subfield>
  </datafield>
  <datafield tag="035" ind1=" " ind2=" ">
    <subfield code="a">19590056</subfield>
  </datafield>
  <datafield tag="035" ind1=" " ind2=" ">
    <subfield code="a">(DNLM)101703697</subfield>
  </datafield>
  <datafield tag="040" ind1=" " ind2=" ">
    <subfield code="a">DNLM/DLC</subfield>
    <subfield code="b">eng</subfield>
    <subfield code="c">DLC</subfield>
    <subfield code="e">rda</subfield>
    <subfield code="d">DLC</subfield>
  </datafield>
  <datafield tag="042" ind1=" " ind2=" ">
    <subfield code="a">pcc</subfield>
  </datafield>
  <datafield tag="050" ind1="0" ind2="0">
    <subfield code="a">QR181</subfield>
    <subfield code="b">.N88 2018</subfield>
  </datafield>
  <datafield tag="060" ind1="1" ind2="0">
    <subfield code="a">QU 145</subfield>
  </datafield>
  <datafield tag="082" ind1="0" ind2="0">
    <subfield code="a">616.079</subfield>
    <subfield code="b">NUT</subfield>
  </datafield>
  <datafield tag="130" ind1="0" ind2=" ">
    <subfield code="a">Nutrition, immunity, and infection (Calder)</subfield>
    <subfield code="9">130382</subfield>
  </datafield>
  <datafield tag="245" ind1="1" ind2="0">
    <subfield code="a">Nutrition, immunity, and infection /</subfield>
    <subfield code="c">edited by Philip C. Calder and Anil D. Kulkarni.</subfield>
  </datafield>
  <datafield tag="264" ind1=" " ind2="1">
    <subfield code="a">Boca Raton :</subfield>
    <subfield code="b">CRC Press, Taylor &amp; Francis Group,</subfield>
    <subfield code="c">2021</subfield>
  </datafield>
  <datafield tag="300" ind1=" " ind2=" ">
    <subfield code="a">xviii, 528 pages :</subfield>
    <subfield code="b">illustrations (some color) ;</subfield>
    <subfield code="c">27 cm</subfield>
  </datafield>
  <datafield tag="336" ind1=" " ind2=" ">
    <subfield code="a">text</subfield>
    <subfield code="2">rdacontent</subfield>
  </datafield>
  <datafield tag="337" ind1=" " ind2=" ">
    <subfield code="a">unmediated</subfield>
    <subfield code="2">rdamedia</subfield>
  </datafield>
  <datafield tag="338" ind1=" " ind2=" ">
    <subfield code="a">volume</subfield>
    <subfield code="2">rdacarrier</subfield>
  </datafield>
  <datafield tag="504" ind1=" " ind2=" ">
    <subfield code="a">Includes bibliographical references.</subfield>
  </datafield>
  <datafield tag="520" ind1=" " ind2=" ">
    <subfield code="a">This comprehensive volume explores how diet and specific nutrients affect immune function and resistance to infections, integrating foundational immunology with nutritional science across the life course&#x2014;from infancy to aging. It addresses the dual impact of undernutrition and overnutrition, examines the roles of vitamins, minerals, fatty acids, and probiotics in immune regulation, and considers the effects of obesity, malnutrition, HIV, and environmental stressors. Drawing on molecular studies, clinical trials, and translational research, the book provides a global perspective with contributions from leading experts in nutrition, immunology, and public health, offering valuable insights for nutrition scientists, dietitians, health practitioners, and students.</subfield>
  </datafield>
  <datafield tag="546" ind1=" " ind2=" ">
    <subfield code="a">In English</subfield>
  </datafield>
  <datafield tag="650" ind1="1" ind2="2">
    <subfield code="a">Nutritional Physiological Phenomena</subfield>
    <subfield code="x">immunology</subfield>
    <subfield code="9">130383</subfield>
  </datafield>
  <datafield tag="650" ind1="1" ind2="2">
    <subfield code="a">Immune System</subfield>
    <subfield code="x">physiology</subfield>
    <subfield code="9">130384</subfield>
  </datafield>
  <datafield tag="650" ind1="2" ind2="2">
    <subfield code="a">Nutrition Disorders</subfield>
    <subfield code="x">immunology</subfield>
    <subfield code="9">130385</subfield>
  </datafield>
  <datafield tag="650" ind1="2" ind2="2">
    <subfield code="a">Immunity</subfield>
    <subfield code="x">physiology</subfield>
    <subfield code="9">130386</subfield>
  </datafield>
  <datafield tag="650" ind1="2" ind2="2">
    <subfield code="a">Infection</subfield>
    <subfield code="x">immunology</subfield>
    <subfield code="9">130387</subfield>
  </datafield>
  <datafield tag="700" ind1="1" ind2=" ">
    <subfield code="a">Calder, Philip C.,</subfield>
    <subfield code="e">editor.</subfield>
    <subfield code="9">130318</subfield>
  </datafield>
  <datafield tag="700" ind1="1" ind2=" ">
    <subfield code="a">Kulkarni, Anil D.</subfield>
    <subfield code="q">(Anil Digambar),</subfield>
    <subfield code="e">editor.</subfield>
    <subfield code="9">130388</subfield>
  </datafield>
  <datafield tag="906" ind1=" " ind2=" ">
    <subfield code="a">7</subfield>
    <subfield code="b">cbc</subfield>
    <subfield code="c">orignew</subfield>
    <subfield code="d">1</subfield>
    <subfield code="e">ecip</subfield>
    <subfield code="f">20</subfield>
    <subfield code="g">y-gencatlg</subfield>
  </datafield>
  <datafield tag="942" ind1=" " ind2=" ">
    <subfield code="2">ddc</subfield>
    <subfield code="c">BK</subfield>
  </datafield>
  <datafield tag="999" ind1=" " ind2=" ">
    <subfield code="c">614548</subfield>
    <subfield code="d">614548</subfield>
  </datafield>
  <datafield tag="952" ind1=" " ind2=" ">
    <subfield code="0">0</subfield>
    <subfield code="1">0</subfield>
    <subfield code="2">ddc</subfield>
    <subfield code="4">0</subfield>
    <subfield code="7">0</subfield>
    <subfield code="a">NSHS</subfield>
    <subfield code="b">NSHS</subfield>
    <subfield code="c">GEN</subfield>
    <subfield code="d">2025-08-08</subfield>
    <subfield code="e">Allied Book Company</subfield>
    <subfield code="g">16429.00</subfield>
    <subfield code="l">1</subfield>
    <subfield code="o">616.079 NUT</subfield>
    <subfield code="p">NSHS-2120</subfield>
    <subfield code="r">2026-03-09</subfield>
    <subfield code="s">2025-08-25</subfield>
    <subfield code="t">c.1</subfield>
    <subfield code="v">32858.00</subfield>
    <subfield code="w">2025-08-08</subfield>
    <subfield code="y">BK</subfield>
  </datafield>
  <datafield tag="952" ind1=" " ind2=" ">
    <subfield code="0">0</subfield>
    <subfield code="1">0</subfield>
    <subfield code="2">ddc</subfield>
    <subfield code="4">0</subfield>
    <subfield code="7">0</subfield>
    <subfield code="a">NSHS</subfield>
    <subfield code="b">NSHS</subfield>
    <subfield code="c">GEN</subfield>
    <subfield code="d">2025-08-08</subfield>
    <subfield code="e">Allied Book Company</subfield>
    <subfield code="g">16429.00</subfield>
    <subfield code="o">616.079 NUT</subfield>
    <subfield code="p">NSHS-2121</subfield>
    <subfield code="r">2025-08-21</subfield>
    <subfield code="t">c.2</subfield>
    <subfield code="v">32858.00</subfield>
    <subfield code="w">2025-08-08</subfield>
    <subfield code="y">BK</subfield>
  </datafield>
</record>
